00447nam a2200217Ia 450000500170000000800460001702000140006303700070007704000080008404000080009204000080010004100080010804100080011608400200012408400080014424500260015226000140017826000190019226000090021130000090022020260401122238.0008 250103s9999 xx 000 0 eng d a300085060 aTB aEDL beng cEDL 2eng aeng a821.33 Y7-8 BOO qEDL 0aShakespeare's Sonnets aNew Haven bYale Nota Bene c1977 a583p